000 00591cam a22002171a 4500
001 he 66000535
003 DLC
005 20260227111437.0
008 811224s1966 is ac 000 0 yid
010 _ahe 66000535
035 _a(OCoLC)8020252
040 _aDLC
_cDeWi
_dOCoLC
_dDLC
042 _apremarc
050 0 0 _aPJ5129.M26
_bM44
100 1 _aManger, Itzik,
_d1901-1969.
245 1 0 _aMegileh-lider /
_cItsik Manger.
260 _a[Tel Aviv] :
_bEmikan
_c726 [i.e. 1965 or 66]
300 _a68 p. :
_bill., port. ;
_c20 cm.
500 _aRomanized record.
500 _aIn Yiddish.
999 _c31614
_d31614